| 000 | 01015nam0a22002531 4500 | ||
|---|---|---|---|
| 001 | rc\1187658 | ||
| 005 | 20260406200714.0 | ||
| 035 | _a(NLR Aleph) 006429027 | ||
| 090 |
_a5529255 _c5529255 |
||
| 100 | _a20041129d1980 |||y0rusy50 ca | ||
| 101 | 0 | _arus | |
| 102 | _aRU | ||
| 105 | _ay ||||||||| | ||
| 200 | 1 |
_aУчебно-методические разработки по грамматике немецкого языка с системой тренировочных упражнений _fПерм. гос. фармац. ин-т, Каф. иностр. яз. _g[Сост. Артамоновской С.П. и др.] |
|
| 210 |
_aПермь _cБ. и. _d1980 |
||
| 215 |
_a105 с. _d20 |
||
| 320 | _aБиблиогр.: с. 2 | ||
| 702 | 1 |
_aАртамоновская _bС.П. _4220 |
|
| 712 | 0 | 2 |
_aПермский фармацевтический институт _3RU\NLR\AUTH\889960246 _9416736 |
| 801 | 0 |
_aRU _bNLR _gpsbo |
|
| 801 | 1 |
_aRU _bELAR _2rusmarc |
|
| 852 |
_aNLR _j85-3/8557 |
||
| 942 | _cBOOK | ||
| 980 | _aNB | ||